000 00634nam a2200265Ia 4500
005 20260121173028.0
008 008 260114s9999 xx 000 0 eng d
020 _a9783030794965
037 _aEBOOK
040 _aCRL
040 _beng
040 _cCRL
041 _2eng
041 _aeng
084 _qCRL
100 _aElena B. Zavyalova, Elena G. Popkova
_91095757
245 0 _aIndustry 4.0
260 _bSpringer
260 _bSpringer
260 _c2022
856 _uhttps://link.springer.com/openurl?genre=book&isbn=978-3-030-79496-5
942 _cEBOOK
999 _c1661500
_d1661500